000 00372nam a2200181Ia 4500
100 _aLint/Van J.H
650 _acombinatorics
250 _a2
942 _cBK
366 _f25
654 _acombinatorics
245 _aCourse in combinatorics
260 _bCambridge University Press
_c2007
082 _bLIN
300 _a602
546 _aENGLISH
999 _c23509
_d23509